000
00265nam a22001097a 4500
082
_a
823
_b
ORI/F
100
_a
ORIENT LONGMAN
245
_a
THE FIGHT BETWEEN WIND AND RAIN
260
_a
HYDERABAD
_b
ORIENT LONGMAN
_c
1992
650
_a
PASSAGE LEAFLET
_z
INDIA
942
_c
BK
999
_c
4079
_d
4079